Transporter 2 /
Ex-Special Forces operative Frank Martin, aka "The Transporter," is now retired from his chosen profession of moving dangerous goods with no questions asked. He now makes a living driving for a wealthy family in Miami, Florida. But when their young son is abducted, Frank must use his battl...
| Corporate Authors: | , , , , , , |
|---|---|
| Other Authors: | , , , , , , , , , , |
| Format: | Video DVD |
| Language: | English Spanish French |
| Language Notes: | Closed captioned; audio in English DTS HD 5.1 Master Lossless audio, Spanish 5.1, French 5.1; with optional subtitles in English, or Spanish. |
| Published: |
Beverly Hills, CA :
20th Century Fox Home Entertainment,
2006.
|
| Edition: | High definition ed. |
| Subjects: |
MARC
| Tag | First Indicator | Second Indicator | Subfields |
|---|---|---|---|
| LEADER | 00000cgm a2200000Ia 4500 | ||
| 001 | in00002491925 | ||
| 005 | 20200801063155.0 | ||
| 007 | vd cvaizq | ||
| 008 | 070523s2006 cau087 vleng d | ||
| 024 | 1 | |a 024543401278 | |
| 028 | 4 | 1 | |a 2240127 |b 20th Century Fox Home Entertainment |
| 028 | 4 | 2 | |a 2240129 |b 20th Century Fox Home Entertainment |
| 035 | |a (OCoLC)ocn133540482 | ||
| 035 | |a (OCoLC)133540482 | ||
| 040 | |a MCP |c MCP |d OCLCQ |d RCS |d UtOrBLW | ||
| 041 | 1 | |a eng |a spa |a fre |j eng |j spa |h eng | |
| 043 | |a n-us-fl | ||
| 049 | |a TXAM | ||
| 090 | |a PN1997 |b .T6692 2006b | ||
| 245 | 0 | 0 | |a Transporter 2 / |c Europa Corp. ; TF1 Films Productions ; Current Entertainment ; Sea Side Films Florida, Inc. ; 20th Century Fox ; Canal+ ; TPS Star ; produced by Luc Besson, Steve Chasman ; written by Luc Besson & Robert Mark Kamen ; directed by Louis Leterrier. |
| 250 | |a High definition ed. | ||
| 264 | 1 | |a Beverly Hills, CA : |b 20th Century Fox Home Entertainment, |c 2006. | |
| 300 | |a 1 videodisc (87 min.) : |b sound, color ; |c 4 3/4 in. | ||
| 336 | |a two-dimensional moving image |b tdi |2 rdacontent | ||
| 337 | |a video |b v |2 rdamedia | ||
| 338 | |a videodisc |b vd |2 rdacarrier | ||
| 538 | |a Blu-ray disc; mastered in high definition; Dolby Digital. | ||
| 538 | |a This Blu-ray disc will not play in standard DVD players | ||
| 546 | |a Closed captioned; audio in English DTS HD 5.1 Master Lossless audio, Spanish 5.1, French 5.1; with optional subtitles in English, or Spanish. | ||
| 511 | 1 | |a Jason Statham, Alessandro Gassman, Amber Valletta, Kate Nauta, Matthew Modine, Jason Flemyng, Keith David, Hunter Clary, Shannon Briggs, François, Berléand. | |
| 508 | |a Director of photography, Mitchell Amundsen ; editors, Christine Lucas Navarro, Vincent Tabaillon ; music, Alexandre Azaria. | ||
| 500 | |a Based on the characters created by Luc Besson & Robert Mark Kamen. | ||
| 500 | |a Originally released as a motion picture in 2005. | ||
| 500 | |a Special features: original theatrical trailer. | ||
| 521 | 8 | |a MPAA rating: PG-13; for intense sequences of violent action, sexual content, partial nudity and brief language. | |
| 520 | |a Ex-Special Forces operative Frank Martin, aka "The Transporter," is now retired from his chosen profession of moving dangerous goods with no questions asked. He now makes a living driving for a wealthy family in Miami, Florida. But when their young son is abducted, Frank must use his battle-tested combat skills to save the boy and thwart the kidnapper's nefarious master plan. | ||
| 500 | |a Videorecording. | ||
| 650 | 0 | |a Chauffeurs |z Florida |z Miami |v Drama. | |
| 650 | 0 | |a Kidnapping |z Florida |z Miami |v Drama. | |
| 650 | 0 | |a Drug enforcement agents |z Florida |z Miami |v Drama. | |
| 650 | 7 | |a Choferes |z Florida |z Miami |v Teatro. |2 bidex | |
| 650 | 7 | |a Drogas |x Comercio |z Florida |z Miami |v Teatro. |2 bidex | |
| 655 | 7 | |a Feature films. |2 lcgft | |
| 655 | 7 | |a Action and adventure films. |2 lcgft | |
| 655 | 7 | |a Thrillers (Motion pictures) |2 lcgft | |
| 655 | 7 | |a Video recordings for the hearing impaired. |2 lcgft | |
| 700 | 1 | |a Besson, Luc. | |
| 700 | 1 | |a Chasman, Steve. | |
| 700 | 1 | |a Statham, Jason, |d 1967- | |
| 700 | 1 | |a Leterrier, Louis, |d 1973- | |
| 700 | 1 | |a Gassmann, Alessandro, |d 1965- | |
| 700 | 1 | |a Valletta, Amber, |d 1974- | |
| 700 | 1 | |a Nauta, Kate. | |
| 700 | 1 | |a Modine, Matthew. | |
| 700 | 1 | |a Kamen, Robert Mark. | |
| 700 | 1 | |a Amundsen, Mitchell, |d 1958- | |
| 700 | 1 | |a Azaria, Alexandre. | |
| 710 | 2 | |a EuropaCorp. | |
| 710 | 2 | |a Twentieth Century-Fox Film Corporation. | |
| 710 | 2 | |a TF1 Films Production. | |
| 710 | 2 | |a Sea Side Films Florida, Inc. | |
| 710 | 2 | |a Studio Canal+. | |
| 710 | 2 | |a TPS Star (Firm) | |
| 710 | 2 | |a Twentieth Century Fox Home Entertainment, Inc. | |
| 994 | |a C0 |b TXA | ||
| 948 | |a cataloged |b h |c 2009/4/16 |d c |e blrosas |f 1:06:46 pm | ||
| 999 | |a MARS | ||
| 999 | f | f | |s 0c8a0e01-333b-37c2-85f6-3016d548b25d |i 042ef41a-8cd0-3b61-a4e6-cce2c5409ed8 |t 0 |
| 952 | f | f | |p bluray |a Texas A&M University |b College Station |c Sterling C. Evans Library |s Evans Media and Reserves |d Evans: Media and Reserves (Annex 1st floor) |t 0 |e PN1997 .T6692 2006b |h Library of Congress classification |i video -- videodisc |m A14838774127 |
| 998 | f | f | |a PN1997 .T6692 2006b |t 0 |l Evans: Media and Reserves (Annex 1st floor) |